000
00262pab a2200109 454500
008
180718b xxu||||| |||| 00| 0 eng d
100
_a
Jag Parvesh, Chandra
245
_a
Delhi is doomed without metro
650
_a
Delhi
773
_a
Hindustan Times
909
_a
22577
999
_c
22577
_d
22577